Τάρας Σιεβτσιένκο : και άλλα διηγήματα
Αποθηκεύτηκε σε:
| Κύριος συγγραφέας: | |
|---|---|
| Άλλοι συγγραφείς: | |
| Μορφή: | Βιβλίο |
| Γλώσσα: | Greek |
| Δημοσίευση: |
Αθήνα :
Ζαχαρόπουλος,
c1984.
|
| Σειρά: | Κλασική λογοτεχνία (Ζαχαρόπουλος)
; 74 |
| Θέματα: | |
| Ετικέτες: |
Προσθήκη ετικέτας
Δεν υπάρχουν, Καταχωρήστε ετικέτα πρώτοι!
|
MARC
| LEADER | 00000cam a2200000 i 4500 | ||
|---|---|---|---|
| 001 | 1/43711 | ||
| 008 | 941103s1984 gw ||| | gre|| | ||
| 035 | |a 1989 |c ΔΩΡΕΑ |l 10042094 | ||
| 040 | |a GR-MyUA |b gre |e AACR2 | ||
| 041 | 1 | |a gre | |
| 082 | 0 | |a 891.73 | |
| 100 | 1 | |a Paustovsky, Konstantin, |d 1892-1968. | |
| 245 | 1 | 0 | |a Τάρας Σιεβτσιένκο : |b και άλλα διηγήματα / |c Κονσταντίν Παουστόβσκι ; μετάφραση Γιώργης Πολιτόπουλος. |
| 260 | |a Αθήνα : |b Ζαχαρόπουλος, |c c1984. | ||
| 300 | |a 199 σ. ; |c 18 εκ. | ||
| 490 | 1 | |a (Κλασική Λογοτεχνία |v ; 74) | |
| 650 | 0 | 0 | |a Russian fiction. |
| 700 | 1 | |a Πολιτόπουλος, Γιώργης, |e trl | |
| 830 | 0 | |a Κλασική λογοτεχνία (Ζαχαρόπουλος) |v ; 74 | |
| 852 | |a INST |b SAMOS |e 19941103 |h 891.73 PAU |p 005300000391 |q 005300000391 |t BK |y 0 | ||
| 909 | |a Σ |b 000065 | ||